000 00792nam a2200265Ia 4500
003 OSt
005 20220925233704.0
006 a|||||r|||| 00| 0
007 ta
008 220923b |||||||| |||| 00| 0 eng d
020 _a8170418070
037 _cGeneral Book
040 _aRTL
_cRTL
_beng
041 _2eng
_aeng
082 _aX:54.1(X).N9, N3
100 _aNAGPAL CS
_9299205
245 0 _aInternational economics
_btheorical analysis of the Ldcs
260 _a New Delhi
_bAnmol publication
_c1993
300 _aviii.364p
_ccm.
490 _aPerspevtive in Modern Economics Series,8
500 _aBibliography p 354-358
700 _a MITTAL AC
_9299206
942 _hX:54.1(X).N9, N3
_cGB
_2CC
999 _c594288
_d594288